00339nam a2200133Ia 4500008004100000020001500041041001200056082001600068100001600084245005300100260002900153300000800182650001500190221030s9999 xx 000 0 und d a817648637x aEnglish a105.23bRed aJ. P. Reddy 0aAdvanced Quantitative Techniquescby J. P. Reddy bAPH PubaNew Delhic2004 a341 aManagement